Video Game by Visual Association #2 - Statistics

General Stats
  • This quiz has been taken 50 times
  • The average score is 6 of 16
Answer Stats
Picture Hint Answer % Correct
rhythm game Guitar Hero
90%
action RPG The Legend of Zelda
76%
RPG / first person shooter Fallout / Duke Nukem
68%
interactive movie Heavy Rain
49%
rhythm game Rock Band
46%
stealth action Thief
44%
first person shooter Halo
41%
first person shooter Call of Duty: Black Ops
37%
hack and slash Devil May Cry
24%
point and click adventure I Have No Mouth, and I Must Scream
22%
open world action adventure Sleeping Dogs
22%
god simulator Black and White
20%
cooperative arcade Overcooked
7%
first person shooter Dusk
5%
survival horror Alan Wake 2
2%
platform / metroidvania Mega Man
2%
No matching quizzes found
Score Distribution
Percent of People with Each Score
Percentile by Number Answered
Your Score History
You have not taken this quiz